<?xml version="1.0" encoding="UTF-8"?>
<collection xmlns="http://www.loc.gov/MARC21/slim">
 <record>
  <leader>00471pamaa2200157   4500</leader>
  <controlfield tag="001">0000016777</controlfield>
  <controlfield tag="005">20120203090000.0</controlfield>
  <datafield tag="020" ind1="0" ind2="0">
   <subfield code="a">020140009X </subfield>
  </datafield>
  <datafield tag="082" ind1=" " ind2=" ">
   <subfield code="a">005.1 SED</subfield>
  </datafield>
  <datafield tag="090" ind1="0" ind2="0">
   <subfield code="a">QA76.9.A43 </subfield>
   <subfield code="b">SED 1996</subfield>
  </datafield>
  <datafield tag="100" ind1="1" ind2="0">
   <subfield code="a">Sedgewick </subfield>
  </datafield>
  <datafield tag="245" ind1="1" ind2="3">
   <subfield code="a">An introduction to the analysis of algorithms  </subfield>
   <subfield code="c">Robert Sedgewick and Philippe Flajolet.</subfield>
  </datafield>
  <datafield tag="260" ind1="0" ind2="0">
   <subfield code="a">Reading: </subfield>
   <subfield code="b">Addison Wesley, </subfield>
   <subfield code="c">1996.</subfield>
  </datafield>
  <datafield tag="300" ind1=" " ind2=" ">
   <subfield code="a">xv, 492p.: </subfield>
   <subfield code="b">ill.; </subfield>
   <subfield code="c">24cm.</subfield>
  </datafield>
  <datafield tag="650" ind1="0" ind2="0">
   <subfield code="a">Computer algorithms </subfield>
  </datafield>
  <datafield tag="700" ind1="1" ind2="1">
   <subfield code="a">FLAJOLET, </subfield>
   <subfield code="h">Philippe </subfield>
  </datafield>
 </record>
</collection>
